000
00319nam a2200157Ia 4500
100
_a
IMS
650
_a
General
942
_c
BK
654
_a
english proficiency
245
_a
Enhance your english Proficiency
260
_b
IMS
_c
2004
082
_a
372.6
_b
IMS
300
_a
204
546
_a
ENGLISH
999
_c
24271
_d
24271